| 000 | 00477 a2200169 4500 | ||
|---|---|---|---|
| 003 | OSt | ||
| 005 | 20240110135340.0 | ||
| 008 | 240110b |||||||| |||| 00| 0 eng d | ||
| 020 | _a9789382581659 | ||
| 040 | _coclc | ||
| 082 |
_a281 _bMAS/Y |
||
| 100 |
_aMaster, Muhammadali _910252 |
||
| 245 |
_aYESU MANUSYANO DAIVAMO? / _cMuhammadali Master |
||
| 260 |
_aKerala: _bDa'wa books, _c2016. |
||
| 300 | _a234p | ||
| 942 |
_2ddc _cBK _h281 _iMAS/Y _k281 _mMAS/Y |
||
| 999 |
_c43074 _d43074 |
||